000 00601nam a2200229Ia 4500
003 OSt
005 20221007064106.0
006 a|||||r|||| 00| 0
007 ta
008 221006b |||||||| |||| 00| 0 eng d
024 _a27,376
037 _cTextual
040 _aFLL
_cFLL
_beng
041 _2eng
_aeng
082 _aZ52zxD5, B4
100 _aRoby Henry John
245 0 _aJustinian's digest
260 _aCambridge
_bUniversity Press London
_c1884
300 _acclxxix,1-260p
_ccm.
942 _hZ52zxD5, B4
_cTEXL
_2CC
999 _c1132989
_d1132989